| 000 | 00434nam a2200145 i 4500 | ||
|---|---|---|---|
| 001 | 48625 | ||
| 003 | ES-MaACL | ||
| 007 | t| | ||
| 008 | 030826s1851 sp ||||1| spa d | ||
| 100 | 1 |
_aDiana, Manuel Juan. _944103 |
|
| 245 | 1 | 0 |
_aCapitanes ilustres y revista de libros militares / _cpor Manuel Juan Diana. |
| 260 |
_aMadrid : _b[s.n.], _c1851 ( _fJ. Antonio Ortigosa) |
||
| 300 |
_aXV, 400 p. ; _c22 cm. |
||
| 852 |
_aES-MaACL _jB-4892 |
||
| 999 |
_c48625 _d48625 |
||